Council 2003/04 draft programme of work

Salvato in:
Dettagli Bibliografici
Natura: Libro
Lingua:inglese
Pubblicazione: Paris OECD 2003
Soggetti:
Tags: Aggiungi Tag
Nessun Tag, puoi essere il primo ad aggiungerne!!

MARC

LEADER 00000nam$a2200000$$$4500
001 0018102
005 20221213134358.6
041 0 |a eng 
044 |a FR 
245 1 0 |a Council  |b 2003/04 draft programme of work 
264 1 |a Paris  |b OECD  |c 2003 
300 |a 422 s. 
610 2 0 |a OECD 
610 2 0 |a organizácie medzinárodné 
610 2 0 |a spolupráca medzinárodná 
610 2 0 |a spolupráca hospodárska medzinárodná 
610 2 0 |a plán strategický 
610 2 0 |a rozpočet nákladov 
610 2 0 |a činnosť hospodárska